Word Ladder: Sleigh Power Quiz Stats

Quiz Updated Dec 23, 2015

Challenge
Share
Tweet
Embed
Score 0/18 Timer 02:00
1 Play Today
Hint 4-Letter Word % Correct
Blood vesselVEIN
97.5%
Filmy fabric for concealing the bride's faceVEIL
97.1%
Meat of young cattleVEAL
95.9%
AleBEER
94.3%
Doe or Stag• DEER •
94.3%
Turnpike paymentTOLL
92.2%
Toy model of a humanDOLL
91.9%
Gave an account ofTOLD
84.2%
RepastMEAL
81.2%
Hint 4-Letter Word % Correct
Scorch the surface ofSEAR
81%
BargainDEAL
80.5%
SupportBEAR
80.2%
Narrow strap attached to a bit• REIN •
80.2%
Fermented honey and waterMEAD
79.4%
FormMOLD
79.1%
A small valleyDELL
78.1%
Fasten securelySEAL
76%
BlendMELD
76%

Today's Daily Dose

You're not logged in!

Compare scores with friends on all Sporcle quizzes.
Sign Up with Email
OR
Log In

You Might Also Like...

Show Comments

Extras

Top Quizzes Today


Score Distribution

Your Account Isn't Verified!

In order to create a playlist on Sporcle, you need to verify the email address you used during registration. Go to your Sporcle Settings to finish the process.